Films en images - M - Statistiques

Statistiques générales
  • Ce quiz a été pris 463 fois
  • Le résultat moyen est 9 sur 16
Statistiques - réponses
Par images Réponse % Correct
Maman, j'ai raté l'avion !
96%
Matrix
96%
Men in Black
91%
The Mask
89%
Maléfique
87%
Mad Max : Fury Road
78%
Mission impossible
78%
Le Monde de Narnia
69%
Madame Doubtfire
52%
Million Dollar Baby
49%
Miss Peregrine et les enfants particuliers
45%
Les Miller, une famille en herbe
32%
Monsieur Aznavour
28%
Mort sur le Nil
21%
Mascarade
14%
Mort ou vif
5%
Aucun quiz correspondant
Distribution des résultats
% des personnes avec chaque résultat
Percentile par nombre de réponses
Votre historique - résultats
Vous n’avez pas pris ce quiz